Rights of Religious Minorities in India (Record no. 6515)

MARC details
000 -LEADER
fixed length control field 00608nam a2200241 a 4500
020 ## - INTERNATIONAL STANDARD BOOK NUMBER
ISBN 8185135
082 00 - DEWEY DECIMAL CLASSIFICATION NUMBER
Classification number 323.30954
Author Cutter SUB
100 ## - MAIN ENTRY--AUTHOR NAME
Author name Subhash, Manju
245 ## - TITLE STATEMENT
Title Rights of Religious Minorities in India
260 ## - PUBLICATION, DISTRIBUTION, ETC. (IMPRINT)
Place of publication Delhi
Name of publisher National Book Organization
Year of publication 1988
300 ## - PHYSICAL DESCRIPTION
Number of Pages 297p
500 ## - GENERAL NOTE
General note includes index and biblioraphy
505 2# - FORMATTED CONTENTS NOTE
Formatted contents note Index
650 ## - SUBJECT ADDED ENTRY--TOPICAL TERM
Topical Term Minorities-India
942 ## - ADDED ENTRY ELEMENTS (KOHA)
Koha item type Books
700 1# -
-- Subhash, Manju
Holdings
Collection code Home library Current library Date acquired Cost, normal purchase price Full call number Accession Number Koha item type
  Henry Martyn Institute Library Henry Martyn Institute Library 09/20/2010 195.00 323.30954 SUB 013022 Books
                   Copyright © 2026 | Henry Martyn Institute | Hyderabad | TS-500052 | INDIA | Implemented by hmi.edu.in
Hit-Count:

Powered by Koha